00697nam a2200229Ia 4500003000400000005001700004006001800021007000300039008004100042024001000083037001100093040001800104041001300122100002500135110008000160245006000240260000900300650002400309700002500333700002900358700008000387OSt20220930084412.0a|||||r|||| 00| 0ta220926b |||||||| |||| 00| 0 eng d a84158 cTheses aCRLcCRLbeng 2engaeng aSethi Sidharth Kumar aUniversity of Delhi. Faculty of Medical Sciences. Department of Paediatrics 0aEstimation of gestational age by anthropometry at birth c2005 aCHILDREN - DISEASES a Dr. A. Indrayan Gu. a Dr. M. M. A. Faridi Gu. aUniversity of Delhi. Faculty of Medical Sciences. Department of Paediatrics